000 02110cam a22005054i 4500
003 PE-LiUPU
005 20250731180113.0
008 150623s r 000 0 d
020 _a8485698320
035 _a(Sirsi) i9788485698325
040 _aPE-LiUPU
_bspa
_cPE-LiUPU
_erda
049 _aPRUA
082 0 4 _a515
_bV39
_221
100 1 _aVega Sánchez, F.,
_eautor.
245 1 0 _aEjercicios de cálculo /
_cF. Vega Sánchez.
264 1 _aMálaga :
_bEditorial Librería Agora,
_c1987.
300 _a385 páginas :
_bilustraciones, gráficos ;
_c25 centímetros
336 _atext
_2rdacontent
337 _aunmediated
_2rdamedia
338 _avolume
_2rdacarrier
505 0 _aNociones de topologia de R. -El número complejo. -Sucesiones. -Series numéricas. -Función real de una variable real. -Derivada de una función de una variable real. -Teorema sobre derivadas. -Aplicacions a la derivada. -Ecuaciones algebraicas. -Primitiva de funciones. -Integral definida. -Aplicaciones del calculo integral. -Interales impropias. -Series de potencias. -Series de Fourier. -Funciones de varias variables. -Formula de Taylor. -Integrales curvilineas. -Integrales paramétricas. -Integrales multiples. -Ecuaciones diferenciales de primer orden.
526 _aSEG44
526 _aSEG26
526 _aP159
526 _aP155
526 _aP154
526 _aP153
526 _aP150
526 _aP100
526 _aP31
526 _aP30
526 _aP26
526 _aP25
526 _aP24
526 _aP22
526 _aP15
526 _aP10
650 0 4 _aCálculo
_vProblemas, ejercicios, etc.
_95278
942 _2ddc
_cBOOK
949 _a515 V39
_wDEWEY
_c1
_i48367
_d2016-9-6
_e2016-8-23
_lCCODEBUL1
_mBUL
_n1
_r0
_sY
_tBOOK
_u2015-6-24
_xINGENIERIA
_zUNKNOWN
_0COMPRA
_o.STAFF. Colección General
994 _aC0
_bPEPRU
596 _a1
999 _a515 V39
_wDEWEY
_c26692
_i48367
_d26692
_e2016-8-23
_f2021-11-9
_g7
_lCCODEBUL1
_mBUL
_n1
_p33.00
_q1
_r0
_sY
_tBOOK
_u2015-6-24
_xINGENIERIA
_zUNKNOWN
_0COMPRA
_o.STAFF. Colección General
980 _81
_gALBERTO SANCHEZ Responsable de Automatización